<?xml version="1.0" encoding="UTF-8"?>
<record
    xmlns:xsi="http://www.w3.org/2001/XMLSchema-instance"
    xsi:schemaLocation="http://www.loc.gov/MARC21/slim http://www.loc.gov/standards/marcxml/schema/MARC21slim.xsd"
    xmlns="http://www.loc.gov/MARC21/slim">

  <leader>00885cam a22002171  4500</leader>
  <controlfield tag="001">he 65000046 </controlfield>
  <controlfield tag="003">DLC</controlfield>
  <controlfield tag="005">20260227111427.0</controlfield>
  <controlfield tag="008">770824s1964    is c         f000 0 eng  </controlfield>
  <datafield tag="010" ind1=" " ind2=" ">
    <subfield code="a">he 65000046 </subfield>
  </datafield>
  <datafield tag="035" ind1=" " ind2=" ">
    <subfield code="a">(OCoLC)3216140</subfield>
  </datafield>
  <datafield tag="040" ind1=" " ind2=" ">
    <subfield code="a">DLC</subfield>
    <subfield code="c">TNJ</subfield>
    <subfield code="d">DLC</subfield>
  </datafield>
  <datafield tag="041" ind1="1" ind2=" ">
    <subfield code="a">engdandutfreger</subfield>
  </datafield>
  <datafield tag="042" ind1=" " ind2=" ">
    <subfield code="a">premarc</subfield>
  </datafield>
  <datafield tag="050" ind1="0" ind2="0">
    <subfield code="a">KJC6750</subfield>
    <subfield code="b">.A48 1964</subfield>
  </datafield>
  <datafield tag="245" ind1="0" ind2="0">
    <subfield code="a">European food legislation;</subfield>
    <subfield code="b">selected chapters of food legislation from Denmark, the Netherlands, Switzerland, Belgium, and Austria.</subfield>
    <subfield code="c">Translated from Danish, Dutch, French and German [and edited by D. Ben Yaakov]</subfield>
  </datafield>
  <datafield tag="260" ind1=" " ind2=" ">
    <subfield code="a">Jerusalem,</subfield>
    <subfield code="b">Israel Program for Scientific Translations; [available from the Office of Technical Services, U.S. Dept. of Commerce, Washington]</subfield>
    <subfield code="c">1964.</subfield>
  </datafield>
  <datafield tag="300" ind1=" " ind2=" ">
    <subfield code="a">289 p.</subfield>
    <subfield code="b">port.</subfield>
    <subfield code="c">22 cm.</subfield>
  </datafield>
  <datafield tag="650" ind1=" " ind2="0">
    <subfield code="a">Food law and legislation</subfield>
    <subfield code="z">Europe.</subfield>
  </datafield>
  <datafield tag="700" ind1="2" ind2=" ">
    <subfield code="a">Ben Yaakov, D.,</subfield>
    <subfield code="e">ed. and tr.</subfield>
  </datafield>
  <datafield tag="999" ind1=" " ind2=" ">
    <subfield code="c">30860</subfield>
    <subfield code="d">30860</subfield>
  </datafield>
</record>
